Bilder nach Land - Frankreich - Statistiken

Allgemein
  • Dieses Quiz wurde 52 mal gespielt
  • Das Durchschnittsergebnis liegt bei 9 aus 16
Antwortstatistiken
Bildquiz Hint Antwort % Korrekt
(Politiker) Napoléon Bonaparte
96%
(Getränk) Champagner
83%
(Berg) Mont Blanc
78%
(Stadt) Nizza
74%
(Theater) Moulin Rouge
72%
(Gebäude) Schloss Versailles
72%
(Fußballspieler) Zinédine Zidane
65%
(Fluss) Loire
63%
(Stadt) Straßburg
63%
(Sängerin) Édith Piaf
50%
(Region) Provence
48%
(Gericht) Coq au Vin
43%
(Maler) Claude Monet
41%
(Gebäck) Madeleine
41%
(Überseegebiet) Französisch-Polynesien
26%
(Straße) Avenue des Champs Élysées
20%
Keine übereinstimmenden Quizze gefunden
Verteilung der Resultate
Anzahl Personen mit jedem Resultat
Perzentil nach korrekt beantworteten Fragen
Ihre Resultats-Entwicklung
Sie haben dieses Quiz noch nicht gespielt